Slovenská pošta

Z obsahu: Slovenská pošta zatiaľ nedrží krok s kolegyňami v strednej Európe. Monopol si pošta presadila obchvatom vlády cez parlament. Kompenzačný fond vyvoláva obavy z platieb za nehospodárnosť pošty. Investícia do informačného systému za štvrť miliardy korún zostala nedokončená. Kapitálová účasť v...

Description complète

Enregistré dans:
Détails bibliographiques
Format: Chapitre de livre
Langue:slovaque
Sujets:
Tags: Ajouter un tag
Pas de tags, Soyez le premier à ajouter un tag!

MARC

LEADER 00000naa a2200000 4500
001 r043321
005 20230921112247.7
041 0 |a slo 
044 |a SK 
245 1 0 |a Slovenská pošta 
520 |a Z obsahu: Slovenská pošta zatiaľ nedrží krok s kolegyňami v strednej Európe. Monopol si pošta presadila obchvatom vlády cez parlament. Kompenzačný fond vyvoláva obavy z platieb za nehospodárnosť pošty. Investícia do informačného systému za štvrť miliardy korún zostala nedokončená. Kapitálová účasť v Poštovej banke je zatiaľ pre poštu drahá. 
610 2 0 |a pošty 
610 2 0 |a Slovensko 
610 2 0 |a stredná Európa 
610 2 0 |a monopoly 
610 2 0 |a hospodárenie finančné